LEADER 01379nam a2200277 4500 001 000000331026 003 CaOOAMICUS 005 20181105103744.0 008 181105s2014 it a 000 u ita r 020 $a978-88-6512-265-5 040 $aSeMil$bita 100 1 $aHorvath, Nicole.$0(OLS)http://semarc/name/108439 245 00$aBeatus Carlo Steeb natus est Tubingae : $bl'infanzia e la giovinezza di Carlo Steeb a Tubinga dal 1773 al 1792 /$cNicole Horvath. 264 1$aVenezia :$bMarcianum Press,$c2014. 300 $aXII, 181 p., XXXVI p. di tav. : $bill. ;$c21 cm 490 0 $aStudi storici [Marcianum] ;$v3 541 1 $aFondo Card. Angelo Scola 600 14$aSteeb, Carlo,$c.$0(OLS)http://semarc/subject/23772 650 4$aSteeb, Carlo - Tubinga - 1773-1792.$0(OLS)http://semarc/subject/47773 830 0$aStudi storici ;$v3.$0(OLS)http://semarc/title/6527 850 $aSeMil 852 $aSeMil$W1$xVenegono$y1$m3H II 488$j210601$B224476$CSeMilBibl$Z2$F224476 $81 996 $6020$a978-88-6512-265-5$9(OLS)http://semarc/number/285516 996 $6245$aBeatus Carlo Steeb natus est Tubingae : $bl'infanzia e la giovinezza di Carlo Steeb a Tubinga dal 1773 al 1792 $9(OLS)http://semarc/title/419696 996 $6264$aVenezia :$bMarcianum Press$9(OLS)http://semarc/publisher/31536 LEADER 01217nam a2200253 i 4500 001 000000128409 003 CaOOAMICUS 005 20040722000000.0 008 040722s1965 it u000 u ita u 013 $a101136 040 $aSeMil$bita 245 10$aPiero della Francesca ad Arezzo /$ctesto di Stefano Bottari. 260 $aGinevra :$bSkira,$ccopyr. 1965. 260 $aMilano :$bFratelli Fabbri Editori,$ccopyr. 1965. 300 $a40 p. :$bill. ;$c36 cm. 490 0 $aL'arte racconta : le grandi imprese decorative nell'artedi tutti i tempi ;$v14.[14] 650 4$aPiero : della Francesca - Affreschi - Arezzo.$0(OLS)http://semarc/subject/25349 700 1 $aBottari, Stefano.$0(OLS)http://semarc/name/7838 830 2$aL'arte racconta : le grandi imprese decorative nell'artedi tutti i tempi ;$v14.[14].$0(OLS)http://semarc/title/15814 850 $aSeMil 852 $aSeMil$W1$xVenegono$y1$m5J VII 14/14$j82634$B82634$CSeMilBibl$Z2$F84964 $81 996 $6245$aPiero della Francesca ad Arezzo$9(OLS)http://semarc/title/189763 996 $6260$aMilano :$bFratelli Fabbri Editori$9(OLS)http://semarc/publisher/29845 996 $6260$aGinevra :$bSkira$9(OLS)http://semarc/publisher/33287